| 000 | 00424nam a22001697a 4500 | ||
|---|---|---|---|
| 999 |
_c11538 _d11538 |
||
| 003 | OSt | ||
| 008 | 220919b ||||| |||| 00| 0 eng d | ||
| 020 | _a9789351734727 | ||
| 082 | _a336.24 MEI | ||
| 100 | _aMEHROTRA, H.C. and GOYAL, S.P. | ||
| 245 | _aIncome Tax (Taxation Law) | ||
| 250 | _a63rd ed. | ||
| 260 |
_aAgra _bSahitya Bhawan Publication _c2022 |
||
| 300 | _a805 p. | ||
| 650 | _aB.Com. | ||
| 942 |
_2ddc _cBK _011 |
||